000 00658cam a22001937i 4500
001 20306128
005 20180627093557.0
008 180125t20162016enkab b 000 0 eng d
020 _a9781443887069
020 _a1443887064
040 _cPK-LaUMT
082 0 4 _a320.9549183
_bMAN-K
100 1 _aMansoor Bin Tahnoon Al Nahyan
245 1 0 _aKarachi in the twenty-first century :
_bpolitical, social, economic and security dimensions /
_cby Mansoor Bin Tahnoon Al Nahyan
260 _aCambridge :
_bCambridge Scholars Publishing,
_c2016
300 _ax, 222 p. :
_billustrations, map ;
_c23 cm
650 0 _aGlobalization
_zPakistan
_zKarachi.
942 _cBK
999 _c105129
_d105129